[Event "URU-ch 93rd"]
[Site "Montevideo"]
[Date "2023.04.01"]
[Round "2"]
[White "Ressia, Lorenzo"]
[Black "Carvalho, Guillermo"]
[Result "0-1"]
[WhiteElo "1928"]
[BlackElo "2101"]
[PlyCount "56"]
[EventDate "2023.03.31"]
[EventType "tourn"]
[EventRounds "11"]
[EventCountry "URU"]
[SourceTitle "CBM 213 Extra"]
[Source "ChessBase"]
[SourceDate "2023.05.31"]
[SourceVersion "1"]
[SourceVersionDate "2023.05.31"]
[SourceQuality "1"]

1. d4 d5 2. c4 e6 3. Nc3 c5 4. cxd5 exd5 5. Nf3 Nf6 6. g3 Nc6 7. Bg2 Be7 8. 0-0 0-0 9. Bg5 c4 10. Ne5 Be6 11. Nxc6 bxc6 12. b3 h6 13. Bxf6 Bxf6 14. bxc4 dxc4 15. e3 c5 16. Ne4 cxd4 17. Nxf6+ gxf6 18. exd4 Rc8 19. d5 Bd7 20. Re1 f5 21. Rb1 Qf6 22. Rb7 Rfd8 23. Rxa7 c3 24. Qc2 Qb6 25. Ra3 Qc5 26. Ra6 Re8 27. Rxe8+ Rxe8 28. Bf3 Qc4 0-1

[Event "URU-ch 93rd"]
[Site "Montevideo"]
[Date "2023.03.31"]
[Round "1"]
[White "Elena, Eduardo"]
[Black "Carvalho, Guillermo"]
[Result "1-0"]
[WhiteElo "1915"]
[BlackElo "2101"]
[PlyCount "91"]
[EventDate "2023.03.31"]
[EventType "tourn"]
[EventRounds "11"]
[EventCountry "URU"]
[SourceTitle "CBM 213 Extra"]
[Source "ChessBase"]
[SourceDate "2023.05.31"]
[SourceVersion "1"]
[SourceVersionDate "2023.05.31"]
[SourceQuality "1"]

1. e4 e5 2. Nf3 Nc6 3. Bc4 Nf6 4. d3 Be7 5. 0-0 0-0 6. c3 a6 7. Bb3 d6 8. Re1 h6 9. Nbd2 Re8 10. Nf1 Bf8 11. Ng3 Na5 12. Bc2 c5 13. a4 Nc6 14. Nd2 Bg4 15. f3 Be6 16. Nc4 b5 17. Ne3 g6 18. Bb3 c4 19. dxc4 Na5 20. axb5 axb5 21. Nd5 bxc4 22. Bxc4 Bg7 23. Nxf6+ Qxf6 24. Bxe6 Qxe6 25. b4 Nc4 26. Rxa8 Rxa8 27. Nf1 Bf6 28. Ne3 Ra1 29. Nd5 Bg5 30. Qe2 Kg7 31. Qxc4 Rxc1 32. Rxc1 Bxc1 33. b5 Qd7 34. b6 Qd8 35. Qc7 Qg5 36. Qxd6 Be3+ 37. Kf1 Bd4 38. f4 Qh5 39. cxd4 Qd1+ 40. Kf2 Qxd4+ 41. Kf3 Qd3+ 42. Kf2 Qd2+ 43. Kg3 Qd3+ 44. Kh4 g5+ 45. fxg5 Qxe4+ 46. g4 1-0

[Event "Montevideo Duchamp Cup 6th"]
[Site "Montevideo"]
[Date "2023.02.10"]
[Round "8"]
[White "Carvalho, Guillermo"]
[Black "Rosa, Paulo Estevao"]
[Result "1-0"]
[WhiteElo "2130"]
[BlackElo "1884"]
[PlyCount "109"]
[EventDate "2023.02.03"]
[EventType "swiss"]
[EventRounds "9"]
[EventCountry "URU"]
[SourceTitle "CBM 212 Extra"]
[Source "ChessBase"]
[SourceDate "2023.03.31"]
[SourceVersion "1"]
[SourceVersionDate "2023.03.31"]
[SourceQuality "1"]

1. c4 c5 2. Nc3 b6 3. e4 Nc6 4. g3 Bb7 5. Bg2 g6 6. d3 e5 7. Nge2 Bg7 8. Rb1 Nge7 9. Bg5 d6 10. Qd2 0-0 11. 0-0 Qd7 12. a3 Nd4 13. b4 Ne6 14. Bxe7 Qxe7 15. Nd5 Bxd5 16. exd5 Nc7 17. bxc5 bxc5 18. Rb7 Rfb8 19. Rfb1 Qd8 20. Qb2 Na6 21. Qc2 Rxb7 22. Rxb7 Qc8 23. Rb5 Rb8 24. Qb3 Rxb5 25. Qxb5 Kf8 26. Nc3 Nc7 27. Qc6 Qd8 28. a4 a6 29. Ne4 Ke7 30. Qb7 f5 31. Ng5 Qd7 32. Nxh7 Bh6 33. h4 Kf7 34. Ng5+ Bxg5 35. hxg5 Ke7 36. a5 Kd8 37. Qb8+ Qc8 38. Qb6 Qd7 39. Bf3 Kc8 40. Bd1 Ne8 41. Qxa6+ Qb7 42. Qxb7+ Kxb7 43. Ba4 Nc7 44. Bb5 Ka7 45. Kf1 Kb7 46. Ke2 Ka7 47. Ke3 Kb7 48. f4 exf4+ 49. Kxf4 Ka7 50. Bd7 Ka6 51. Bxf5 gxf5 52. g6 Ne8 53. Kxf5 Kxa5 54. Ke6 Kb4 55. Kf7 1-0

[Event "Montevideo Duchamp Cup 6th"]
[Site "Montevideo"]
[Date "2023.02.08"]
[Round "6"]
[White "Carvalho, Guillermo"]
[Black "Hoffman, Alejandro"]
[Result "0-1"]
[WhiteElo "2130"]
[BlackElo "2358"]
[PlyCount "102"]
[EventDate "2023.02.03"]
[EventType "swiss"]
[EventRounds "9"]
[EventCountry "URU"]
[SourceTitle "CBM 212 Extra"]
[Source "ChessBase"]
[SourceDate "2023.03.31"]
[SourceVersion "1"]
[SourceVersionDate "2023.03.31"]
[SourceQuality "1"]

1. c4 e6 2. e4 d5 3. exd5 exd5 4. cxd5 Nf6 5. Bb5+ Nbd7 6. Nc3 Be7 7. Nf3 0-0 8. 0-0 Nb6 9. d4 Nbxd5 10. Ne5 c6 11. Be2 Be6 12. a3 Qb6 13. Na4 Qc7 14. Bd2 Rad8 15. Rc1 Ne4 16. b4 Nxd2 17. Qxd2 Nb6 18. Nxb6 Qxe5 19. Nc4 Rxd4 20. Qb2 Qf4 21. g3 Qe4 22. f3 Qd5 23. Rc2 Bf6 24. Qc1 h5 25. Ne3 Qd7 26. f4 Re4 27. Ng2 Bg4 28. Bf3 Bxf3 29. Rxf3 Rfe8 30. Rd2 Qf5 31. Qd1 a5 32. Rb3 axb4 33. axb4 Qb5 34. h3 Rxb4 35. Rdd3 Qc5+ 36. Kh2 Rc4 37. Rb1 b5 38. Rd2 b4 39. Re2 Rxe2 40. Qxe2 g6 41. g4 hxg4 42. hxg4 Rc2 43. Qe4 Bb2 44. Rd1 Kg7 45. g5 Qf2 46. Rd3 c5 47. Rh3 Qxg2+ 48. Qxg2 Rxg2+ 49. Kxg2 c4 50. f5 gxf5 51. Rh4 c3 0-1

[Event "URU-ch 92nd"]
[Site "Montevideo"]
[Date "2022.04.11"]
[Round "4"]
[White "Carvalho, Guillermo"]
[Black "Rodi, Luis Ernesto"]
[Result "0-1"]
[WhiteElo "2168"]
[BlackElo "2348"]
[PlyCount "58"]
[EventDate "2022.04.08"]
[EventType "tourn"]
[EventRounds "11"]
[EventCountry "URU"]
[EventCategory "1"]
[SourceTitle "CBM 207 Extra"]
[Source "ChessBase"]
[SourceDate "2022.05.31"]
[SourceVersion "1"]
[SourceVersionDate "2022.05.31"]
[SourceQuality "1"]

1. d4 d5 2. Nf3 Nf6 3. g3 Bg4 4. Bg2 c6 5. c3 Nbd7 6. Qb3 Qb6 7. Bf4 e6 8. 0-0 h6 9. h3 Bf5 10. g4 Bh7 11. Nbd2 Be7 12. Ne5 c5 13. Nxd7 Nxd7 14. e4 cxd4 15. cxd4 Nf6 16. e5 Nd7 17. Be3 0-0-0 18. Rfc1+ Kb8 19. Bf1 h5 20. a4 hxg4 21. Qxb6 Nxb6 22. hxg4 Rc8 23. f3 Rxc1 24. Rxc1 Nxa4 25. b3 Nb6 26. f4 Rc8 27. Rxc8+ Kxc8 28. Be2 Bc2 29. Kf2 Bb4 0-1

[Event "URU-ch 92nd"]
[Site "Montevideo"]
[Date "2022.04.10"]
[Round "3"]
[White "Palacio, Enzo"]
[Black "Carvalho, Guillermo"]
[Result "0-1"]
[WhiteElo "1959"]
[BlackElo "2168"]
[PlyCount "82"]
[EventDate "2022.04.08"]
[EventType "tourn"]
[EventRounds "11"]
[EventCountry "URU"]
[EventCategory "1"]
[SourceTitle "CBM 207 Extra"]
[Source "ChessBase"]
[SourceDate "2022.05.31"]
[SourceVersion "1"]
[SourceVersionDate "2022.05.31"]
[SourceQuality "1"]

1. e4 e5 2. Nf3 Nc6 3. Bb5 a6 4. Ba4 Nf6 5. 0-0 b5 6. Bb3 Be7 7. Re1 0-0 8. h3 d6 9. c3 Na5 10. Bc2 c5 11. d4 Qc7 12. Nbd2 cxd4 13. cxd4 Nc6 14. d5 Nb4 15. Bb1 a5 16. a3 Na6 17. Bd3 Bd7 18. Nf1 Nc5 19. Bc2 Rfc8 20. Bd2 Qb7 21. b3 Bd8 22. Ng3 g6 23. Nh2 b4 24. a4 Be7 25. Re3 Qc7 26. Rc1 Qd8 27. Re1 Ne8 28. Ng4 Bxg4 29. Qxg4 Nf6 30. Qf3 Qf8 31. Nf1 Ra7 32. g4 Rac7 33. Bb1 Nfd7 34. Ng3 h6 35. Kg2 Bg5 36. Nf1 Bxd2 37. Nxd2 Nd3 38. Qxd3 Rxc1 39. Rxc1 Rxc1 40. Qb5 Nc5 41. Bd3 Rd1 0-1

[Event "Montevideo Duchamp Cup 5th"]
[Site "Montevideo"]
[Date "2022.02.18"]
[Round "8"]
[White "Diaz Hollemaert, Nahuel Carlos"]
[Black "Carvalho, Guillermo"]
[Result "1-0"]
[WhiteElo "2439"]
[BlackElo "2171"]
[PlyCount "57"]
[EventDate "2022.02.12"]
[EventType "swiss"]
[EventRounds "9"]
[EventCountry "URU"]
[SourceTitle "CBM 206 Extra"]
[Source "ChessBase"]
[SourceDate "2022.03.31"]
[SourceVersion "1"]
[SourceVersionDate "2022.03.31"]
[SourceQuality "1"]

1. Nf3 d5 2. g3 Nf6 3. Bg2 e6 4. 0-0 Be7 5. b3 c5 6. c4 Nc6 7. e3 dxc4 8. bxc4 e5 9. Bb2 e4 10. Ng5 Qd3 11. Nc3 Bf5 12. Qb3 0-0 13. Ncxe4 Qxb3 14. axb3 Nxe4 15. Nxe4 Rad8 16. Bc3 a6 17. f4 h5 18. Nf2 Bc8 19. Bd5 Rxd5 20. cxd5 Nb4 21. e4 h4 22. Rfc1 hxg3 23. hxg3 g5 24. Kg2 gxf4 25. gxf4 f6 26. Kf3 Kf7 27. Bxb4 cxb4 28. Rc7 Rd8 29. d6 1-0

[Event "Montevideo Duchamp Cup 5th"]
[Site "Montevideo"]
[Date "2022.02.17"]
[Round "7"]
[White "Carvalho, Guillermo"]
[Black "Montiel Caceres, Helen"]
[Result "1-0"]
[WhiteElo "2171"]
[BlackElo "1625"]
[PlyCount "33"]
[EventDate "2022.02.12"]
[EventType "swiss"]
[EventRounds "9"]
[EventCountry "URU"]
[SourceTitle "CBM 206 Extra"]
[Source "ChessBase"]
[SourceDate "2022.03.31"]
[SourceVersion "1"]
[SourceVersionDate "2022.03.31"]
[SourceQuality "1"]

1. d4 Nf6 2. Nc3 d5 3. Bf4 e6 4. e3 Bd6 5. Bd3 Bxf4 6. exf4 c5 7. dxc5 Qc7 8. Qd2 Qxc5 9. Nf3 Nc6 10. 0-0 0-0 11. Rfe1 Rb8 12. Ne2 Bd7 13. h3 Na5 14. b4 Nc4 15. bxc5 Nxd2 16. Nxd2 Rfc8 17. Nb3 1-0

[Event "URU-ch sf"]
[Site "Montevideo"]
[Date "2020.02.23"]
[Round "4"]
[White "Carbone, Diego"]
[Black "Carvalho, Guillermo"]
[Result "1-0"]
[WhiteElo "2239"]
[BlackElo "2187"]
[PlyCount "67"]
[EventDate "2020.02.21"]
[EventType "swiss"]
[EventRounds "8"]
[EventCountry "URU"]
[SourceTitle "CBM 195 Extra"]
[Source "ChessBase"]
[SourceDate "2020.05.31"]
[SourceVersion "1"]
[SourceVersionDate "2020.05.31"]
[SourceQuality "1"]

1. d4 d5 2. c4 e6 3. Nf3 Nf6 4. g3 Be7 5. Bg2 0-0 6. 0-0 b6 7. Nc3 Bb7 8. Ne5 Nbd7 9. Qa4 Nxe5 10. dxe5 Ne4 11. cxd5 Nxc3 12. bxc3 exd5 13. c4 c6 14. Rd1 Qc8 15. cxd5 cxd5 16. Be3 Qe6 17. Rac1 a6 18. Rc7 b5 19. Qb3 Rab8 20. Rxb7 Rxb7 21. Bxd5 Qc8 22. Bxb7 Qxb7 23. e6 Qc8 24. Rd7 Qe8 25. exf7+ Rxf7 26. Qe6 Kf8 27. Rc7 Rf6 28. Qd5 Rd6 29. Qf5+ Kg8 30. Rc8 Bd8 31. Bc5 Rd1+ 32. Kg2 Qf7 33. Qe4 Qd7 34. Bb6 1-0